|
|
|
|
| LEADER |
00955nam a22002898a 4500 |
| 001 |
00045030 |
| 005 |
20191018071048.0 |
| 008 |
181029s2018####-vm#################vie|d |
| 020 |
# |
# |
|a 978604932395
|c 159000
|
| 041 |
0 |
# |
|a Vie
|
| 082 |
1 |
4 |
|a 650.1
|b TH124B
|
| 100 |
1 |
# |
|a Adams, Scott
|
| 245 |
1 |
0 |
|a Thất bại lớn - Thành công lớn
|c Scott Adams ; Vân Hà (dịch)
|
| 250 |
# |
# |
|a Tái bản lần thứ 2
|
| 260 |
# |
# |
|a Hà Nội
|b Lao động ; Công ty Sách Alpha
|c 2019
|
| 300 |
# |
# |
|a 439 tr.
|c 21 cm.
|
| 500 |
# |
# |
|a Tên sách tiếng Anh: How to fail at almost everything and still win big
|
| 653 |
# |
# |
|a Bí quyết
|
| 653 |
# |
# |
|a Cuộc sống
|
| 653 |
# |
# |
|a Kinh doanh
|
| 653 |
# |
# |
|a Thành công
|
| 653 |
# |
# |
|a Thất bại
|
| 700 |
# |
# |
|e Dịch
|a Vân, Hà
|
| 852 |
# |
# |
|j KD.0026414
|
| 910 |
# |
# |
|d 18/10/2019
|
| 980 |
# |
# |
|a Trung tâm Học liệu Lê Vũ Hùng, Trường Đại học Đồng Tháp
|